000 01102nac a22003617a 4500
001 BR0600745
003 BR-BrBNA
005 20240105123253.0
008 230509b bl.|||m| |||| 00| 0 por d
040 _aBR-BrBNA
_bpor
_cBiblioteca Nacional de Agricultura
072 _aF70; F63
090 _a3570 BR0600745
100 1 _aMelhem, T.S.A.
100 1 _aBarros, M.A.V. da C.
100 1 _aCorrêa, A.M. da S.
100 1 _aWatanabe, H.M.
100 1 _aCapelato, M.S.F.S.
100 1 _aEsteves, V.L.G.
110 1 _aInstituto de Botânica, São Paulo, SP (Brasil)
245 1 _aVariabilidade polínica em plantas de Campos do Jordão (São Paulo, Brasil)
260 3 _aSão Paulo, SP (Brasil):
_c2003.
300 _a104 p.
490 _aBoletim - Instituto de Botânica (Brazil)
_vno.16
_xISSN 0074-0055
500 _a27 illus.; 10 ref.
650 _aBIOLOGIA VEGETAL
650 _aTAXONOMIA
650 _aANATOMIA VEGETAL
650 _aMORFOLOGIA
650 _aPOLINIZAÇÃO
650 _aPOLEN
909 _a202312
_bLúcia Elande
_c55
_dLúcia Elande
942 _2AGRIS
_n0
_cMS
999 _c294712
_d294712